000 01531cam a2200217 4500500
005 20251214030253.0
041 _afre
042 _adc
100 1 0 _aTank-Storper, Sébastien
_eauthor
245 0 0 _a“Who is a Jew?”
260 _c2018.
500 _a50
520 _aThe legal definition of jewish identity remains a major controversy within the Israeli democracy. On the one hand, the Law of Return gives every Jew in the world the right to live in Israël and to gain Israeli citizenship. But on the other hand, the legal definition of “Who is a Jew?” never had got any consensus, creating multiple and recurring political and institutional crisis among the Knesset, the Rabanout and the High Court of Justice. This article retraces the main developments of the “Who is a Jew?” conflict, attempting to identify its main issues and to demonstrate that each compromise solution brings the crisis to come. Thus, the “Who is a Jew” conflict demonstrates both the high level of ideological and religious fragmentation of contemporary Jewish world than the persistence of a “common” that can’t find a legal translation.
690 _aIsraeli democracy
690 _ajewish identity
690 _aJudaism
690 _aLaw of Return
690 _arefuge
786 0 _nArchives de sciences sociales des religions | o 177 | 1 | 2018-02-27 | p. 31-50 | 0335-5985
856 4 1 _uhttps://shs.cairn.info/journal-archives-de-sciences-sociales-des-religions-2017-1-page-31?lang=en&redirect-ssocas=7080
999 _c1573646
_d1573646